00381nam a2200145Ia 4500008004100000020001500041041001200056082001800068100002500086245002300111250001200134260005400146300001200200650002300212231217s9999 xx 000 0 und d a8186308121 aEnglish a671.2 SIN;10 aSinha, K P Goel, D B 0aFoundry technology a6th ed. c1991bStandard Publishers and DistributorsaDelhi aiii+270 aFoundry technology